000 01222nam a2200325 a 4500
001 000109072
003 CHAP
005 20220329144036.0
008 140401s2013 mx sm |||||||spa d
010 _a105534
011 _a106506
040 _cCHAP
090 _aTesis
100 1 _aFajardo Ortíz, Alba Gissela
_9126185
245 1 0 _aCarbono almacenado en la Estación Experimental Mario Ávila 50 años después de su reforestación
_h[En línea]
_cpor Alba Gissela Fagardo Ortíz.
260 _aChapingo, Méx. :
_bEl autor,
_c2013.
500 _aPara ver el contenido del material haga clic en la liga
502 _aTesis (M. C. en Agroforestería para el Desarrollo Sostenible) -- UACH. Departamento de Suelos
590 _aBATCH-UPD
_b05
_c20141002
_lUCH01
_h0859
590 _aE6096MTM
_b05
_c20140401
_lUCH01
_h1400
590 _aE6096MTM
_b05
_c20140401
_lUCH01
_h1401
650 1 4 _aÁrboles
_xVariedades.
_982441
650 1 4 _aBosques
_xRegeneración.
_914377
650 1 4 _aEstaciones experimentales forestales.
_938195
650 1 4 _aReforestación
_xMéxico (Edo.)
_995500
856 _aFinding aid
_uhttp://10.13.5.2/tesis/sist109072.pdf
_zTeclea aquí
901 _aBK
942 _cTESIS
942 _n0
999 _c105534
_d105534